000 00626cam a2200205 a 4500
001 000009194
005 20200929161520.0
008 780519s1976 ve 000 f spa
040 _aDO-SdBNP
_cDLC
_dDLC
082 _aV863.44
_bO74r
100 1 _aOropeza, José Napoleón,
_d1950-
_923873
245 1 4 _aLas redes de siempre /
_cJosé Napoleón Oropeza.
260 _aCaracas :
_bMonte Ávila,
_c1976.
300 _a226 p. ;
_c18 cm.
490 1 _aContinentes
650 4 _aNovela venezolana
_93962
650 4 _aLiteratura venezolana
_ySIGLO XX
_99777
830 0 _aContinentes.
_95341
910 _aCatalogación por copia / LC
999 _c8957
_d8957